أسباب انتهاء خدمة الموظف العام فى القانون الفلسطينى و الرقابة القضائية على القرارات الصادرة بشأنها : (رقم التسجيلة. 52477)

تفاصيل مارك
000 -LEADER
fixed length control field 02905cam a2200313 a 4500
003 - CONTROL NUMBER IDENTIFIER
control field EG-GiCUC
005 - DATE AND TIME OF LATEST TRANSACTION
control field 20250223031312.0
008 - FIXED-LENGTH DATA ELEMENTS--GENERAL INFORMATION
fixed length control field 150929s2015 ua f m 000 0 ara d
040 ## - CATALOGING SOURCE
Original cataloging agency EG-GiCUC
Language of cataloging ara
Transcribing agency EG-GiCUC
041 0# - LANGUAGE CODE
Language code of text/sound track or separate title ara
049 ## - LOCAL HOLDINGS (OCLC)
Holding library ايداع
097 ## - Thesis Degree
Thesis Level دكتوراه
099 ## - LOCAL FREE-TEXT CALL NUMBER (OCLC)
Classification number Cai01.04.05.Ph.D.2015.حا.أ
100 0# - MAIN ENTRY--PERSONAL NAME
Personal name حازم حمدى محمود الجمالى
245 10 - TITLE STATEMENT
Title أسباب انتهاء خدمة الموظف العام فى القانون الفلسطينى و الرقابة القضائية على القرارات الصادرة بشأنها :
Remainder of title دراسة مقارنة /
Statement of responsibility, etc. حازم حمدى محمود الجمالى ؛ إشراف ثروت بدوى بدوى
260 ## - PUBLICATION, DISTRIBUTION, ETC.
Place of publication, distribution, etc. القاهرة :
Name of publisher, distributor, etc. حازم حمدى محمود الجمالى :
Date of publication, distribution, etc. 2015
300 ## - PHYSICAL DESCRIPTION
Extent 290 ص ؛
Dimensions 25سم
502 ## - DISSERTATION NOTE
Dissertation note اطروحة (دكتوراه) - جامعة القاهرة - كلية الحقوق - قسم القانون العام
520 ## - SUMMARY, ETC.
Summary, etc. نظراً للآثار المهمة و الخطيرة التى تترتب على القرار الصادر بإنهاء خدمة الموظف العام و الذى قد يفقد معه مورد رزقه و رزق أسرته: بل و قد يمتد أثره إلى سمعته و وضعه الاجتماعى: نجد أن التشريعات المنظمة للوظيفة العامة فى الدول المختلفة تحرص على تحديد أسباب انتهاء خدمة الموظف العام على سبيل الحصر: فقد يقع هذا الإنهاء بقوة القانون بمجرد تحقق أسباب معينة: و لا تملك الإدارة حيال ذلك أية سلطة تقديرية: و على العكس من ذلك قد يقع الإنهاء بموجب قرار إدارى تصدره السلطة الإدارية بإرادتها المنفردة: و لكن هذا لا يعنى أن سلطتها مطلقة فى هذا الشأن: و إنما تمارسها وفقاً لإجراءات و ضوابط قانونية معينة للحد من أى شطط من جانبها: و لما كانت القرارات الصادرة بإنهاء خدمة الموظف العام - سواء بقوة القانون أو بناءً على قرار إدارى - تؤدى و الحالة هذه إلى نتائج خطيرة على حياة الموظف المادية و المعنوية: فإن المشرع يحيطها عادةً بضمانات إدارية و قضائية تكفل عدالتها و عدم إساءة استعمال السلطة فى إصدارها
530 ## - ADDITIONAL PHYSICAL FORM AVAILABLE NOTE
Additional physical form available note صدر ايضا كقرص مدمج
653 #4 - INDEX TERM--UNCONTROLLED
Uncontrolled term التقاعد
653 #4 - INDEX TERM--UNCONTROLLED
Uncontrolled term إلغاء الوظيفة
653 #4 - INDEX TERM--UNCONTROLLED
Uncontrolled term فقد الجنسية
700 0# - ADDED ENTRY--PERSONAL NAME
Personal name ثروت بدوى بدوى :
Relator term
856 ## - ELECTRONIC LOCATION AND ACCESS
Uniform Resource Identifier <a href="http://172.23.153.220/th.pdf">http://172.23.153.220/th.pdf</a>
905 ## - LOCAL DATA ELEMENT E, LDE (RLIN)
Cataloger Nazla
Reviser Revisor
905 ## - LOCAL DATA ELEMENT E, LDE (RLIN)
Cataloger Samia
Reviser Cataloger
942 ## - ADDED ENTRY ELEMENTS (KOHA)
Source of classification or shelving scheme Dewey Decimal Classification
Koha item type Thesis
المقتنيات
Source of classification or shelving scheme Not for loan Home library Current library Date acquired Full call number Barcode Date last seen Koha item type Copy number
Dewey Decimal Classification   المكتبة المركزبة الجديدة - جامعة القاهرة قاعة الرسائل الجامعية - الدور الاول 11.02.2024 Cai01.04.05.Ph.D.2015.حا.أ 01010100020766000 22.09.2023 Thesis  
Dewey Decimal Classification   المكتبة المركزبة الجديدة - جامعة القاهرة مخـــزن الرســائل الجـــامعية - البدروم 11.02.2024 Cai01.04.05.Ph.D.2015.حا.أ 01020100020766000 22.09.2023 CD - Rom 20766.CD
Cairo University Libraries Portal Implemented & Customized by: Eng. M. Mohamady Contacts: new-lib@cl.cu.edu.eg | cnul@cl.cu.edu.eg
CUCL logo CNUL logo
© All rights reserved — Cairo University Libraries
CUCL logo
Implemented & Customized by: Eng. M. Mohamady Contact: new-lib@cl.cu.edu.eg © All rights reserved — New Central Library
CNUL logo
Implemented & Customized by: Eng. M. Mohamady Contact: cnul@cl.cu.edu.eg © All rights reserved — Cairo National University Library